00468nam a22001577a 450000500170000001000150001702000260003203500140005803700130007208200080008510000150009324500730010826000380018127000680021930000230028720180210150241.0 aENG-122223 a9789381539958c360.00 aEN-105755 bDBAD/PUB a480 aSingh,Bina aSpoken english:ba book of situational conversation /cby Bina Singh aVaranasibManish prakashancc2014 aPlot No.-26,Rohit nagar colonybB.H.U. Varansie5k0542-2310682 avi,120p.c22cm(Hb)